00679cam a22001573u 4500082001900000100004000019245014200059260002900201500003300230526003700263650001300300856006000313942001200373999001900385952011700404 a338.17498bMAN1 aGamble, J. S. (James Sykes),94969710aManual of Indian timbersban account of the structure, growth, distribution, and qualities of Indian woods /cGamble, J. S. (James Sykes) a[S.l.] :b[s.n.],c1881. aTitle from content provider. a0b0c0d338_174980000000000_MAN aMCE937940uhttp://www.columbia.edu/cgi-bin/cul/resolve?clio9260808 2ddccBK c552476d552476 00102ddc4070aMCEbMCEcArchive Sectiond2015-01-16l0o338.17498 MANpMCE-ECM/76r2015-01-16w2015-01-16yBK